[Event "Molde CC-ch"]
[Site "Molde"]
[Date "2020.01.09"]
[Round "1"]
[White "Brunvoll, Oyvind"]
[Black "Kosberg, Stian"]
[Result "1-0"]
[WhiteElo "1716"]
[BlackElo "1165"]
[PlyCount "71"]
[EventDate "2020.01.09"]
[EventType "swiss"]
[EventRounds "5"]
[EventCountry "NOR"]
[SourceTitle "EXT 2024"]
[Source "ChessBase"]
[SourceDate "2023.10.10"]
[SourceVersion "1"]
[SourceVersionDate "2023.10.10"]
[SourceQuality "1"]

1. c4 d6 2. g3 Nf6 3. Bg2 g6 4. Nc3 Bg7 5. d4 0-0 6. Nf3 Nbd7 7. 0-0 e5 8. d5 h6 9. h4 Nh7 10. e4 f5 11. exf5 Rxf5 12. Bh3 Rf7 13. Be6 Qe7 14. Bxf7+ Qxf7 15. Ne4 Ndf6 16. Nxf6+ Qxf6 17. Nh2 Bd7 18. Ng4 Bxg4 19. Qxg4 Rf8 20. Be3 b6 21. b4 Qf5 22. Qxf5 Rxf5 23. Rad1 Nf6 24. f3 Nh7 25. g4 Rf7 26. Kg2 g5 27. hxg5 Nxg5 28. f4 exf4 29. Rxf4 Rxf4 30. Bxf4 Bc3 31. Bxg5 hxg5 32. b5 Kg7 33. Kf3 Kf6 34. Rd3 Ba5 35. Ke4 Kg6 36. Rf3 1-0